Dlh pripravuje o suverenitu

Rozhovor autora článku s Američanom G. Kopitsom, jedným z hlavných svetových odborníkov na dlhovú brzdu. Názory G. Kopitsa na dlhovú krízu. Dlhový strop na úrovni 60 percent HDP. Ktoré krajiny sú dobrým príkladom poučenia sa z vlastných chýb. V čom spočívajú najväčšie výhody zodpovedného vládnutia p...

Full description

Saved in:
Bibliographic Details
Main Author: Porubský, Juraj
Other Authors: Kopits, George
Format: Book Chapter
Language:Slovak
Subjects:
Tags: Add Tag
No Tags, Be the first to tag this record!

MARC

LEADER 00000naa a2200000 4500
001 0144024
005 20231009104442.3
041 0 |a slo 
044 |a SK 
245 1 0 |a Dlh pripravuje o suverenitu  |c Juraj Porubský, George Kopits 
520 |a Rozhovor autora článku s Američanom G. Kopitsom, jedným z hlavných svetových odborníkov na dlhovú brzdu. Názory G. Kopitsa na dlhovú krízu. Dlhový strop na úrovni 60 percent HDP. Ktoré krajiny sú dobrým príkladom poučenia sa z vlastných chýb. V čom spočívajú najväčšie výhody zodpovedného vládnutia pri rozpočte. Čo má vláda robiť, aby netlačila krajinu ešte hlbšie do recesie. 
610 2 0 |a kríza finančná 
610 2 0 |a kríza hospodárska 
610 2 0 |a zadlženosť 
610 2 0 |a Európska únia 
610 2 0 |a dlhy štátne 
610 2 0 |a dlhy verejné 
610 2 0 |a rozpočty 
610 2 0 |a štát 
100 1 |a Porubský, Juraj 
700 1 |a Kopits, George